La aparición del hombre

Gardado en:
Detalles Bibliográficos
Autor Principal: Teilhard de Chardin, Pierre (Author)
Formato: Libro
Idioma:Lingua castelá
Publicado: Madrid Taurus 1958
Series:Ensayistas de Hoy
Subjects:
Tags: Engadir etiqueta
Sen Etiquetas, Sexa o primeiro en etiquetar este rexistro!

MARC

LEADER 00000nam a2200000 a 4500
001 UCP2953
003 CL-VaPUC
008 990604e19580000SP |||||||||||||||||spa|d
082 0 4 |a 573.2  |b TEI  |2 21 
100 0 |a Teilhard de Chardin, Pierre  |e author  |9 315457 
245 1 3 |a La aparición del hombre 
300 |a 381 p 
942 |c BK 
945 |d 19990604 00:00:00  |a lriquelm 
260 |a Madrid  |b Taurus  |c 1958 
650 0 |a Antropología   |9 233030 
650 0 |a Evolución  |9 259442 
650 0 |a Antropología filosófica  |9 265842 
650 0 |a Seres humanos  |9 313276 
651 0 |a África  |9 256790 
583 |a last modification  |c 19990604 00:00:00  |k Rodrigo Vera 
490 0 |a Ensayistas de Hoy 
999 |c 281410  |d 281408 
952 |0 0  |1 0  |4 0  |6 573_200000000000000_TEI_1958  |7 0  |8 A  |9 322143  |a BIBHIS  |b BIBHIS  |d 2019-11-20  |i 1361287  |o 573.2 TEI 1958  |p 1361287  |r 2025-01-20  |w 2019-11-20  |y BK  |k HIS